[Event "Ivy League Challenge"]
[Site "Toronto CAN"]
[Date "2023.03.25"]
[Round "3"]
[White "Li, Yunshan"]
[Black "Zhang, Yuanchen"]
[Result "1/2-1/2"]
[WhiteElo "2294"]
[BlackElo "2304"]
[PlyCount "92"]
[GameId "2160767907254162"]
[EventDate "2023.03.24"]
[EventRounds "5"]
[EventCountry "CAN"]
[SourceTitle "10 Days #718"]
[Source "ChessMix"]
[SourceDate "2023.04.01"]
[SourceVersion "1"]
[SourceVersionDate "2023.04.01"]
[SourceQuality "1"]
[WhiteTeam "University of Toronto - A"]
[BlackTeam "University of Waterloo"]

1. d4 Nf6 2. Bg5 Ne4 3. Bf4 d5 4. e3 c5 5. c3 Nc6 6. Bd3 e6 7. Ne2 Bd6 8. Bxe4 dxe4 9. Nd2 f5 10. Nc4 Be7 11. dxc5 Qxd1+ 12. Rxd1 Bxc5 13. Ne5 Nxe5 14. Bxe5 Rg8 15. O-O Bd7 16. Rd2 O-O-O 17. Rfd1 Be7 18. c4 Bb4 19. Bc3 Be7 20. Be5 Bb4 21. Nc3 Bxc3 22. Bxc3 Bc6 23. Rxd8+ Rxd8 24. Rxd8+ Kxd8 25. Bxg7 b5 26. cxb5 Bxb5 27. g4 fxg4 28. Kg2 Kd7 29. Kg3 Be2 30. Kf4 Bf3 31. Ke5 h5 32. Kd4 Kc6 33. Bf8 a6 34. b3 h4 35. Be7 h3 36. Kc4 Be2+ 37. Kb4 Bd3 38. a4 Be2 39. Kc3 Bd1 40. Bf8 Kd5 41. Kb4 Bc2 42. Ka3 Bd1 43. b4 Kc6 44. Bc5 Bc2 45. Bd4 Bd1 46. Be5 Bc2 1/2-1/2

[Event "Ivy League Challenge"]
[Site "Toronto CAN"]
[Date "2023.03.25"]
[Round "4"]
[White "Zhang, Yuanchen"]
[Black "Liang, Awonder"]
[Result "0-1"]
[WhiteElo "2304"]
[BlackElo "2643"]
[PlyCount "70"]
[GameId "2160767907254181"]
[EventDate "2023.03.24"]
[EventRounds "5"]
[EventCountry "CAN"]
[SourceTitle "10 Days #718"]
[Source "ChessMix"]
[SourceDate "2023.04.01"]
[SourceVersion "1"]
[SourceVersionDate "2023.04.01"]
[SourceQuality "1"]
[WhiteTeam "University of Waterloo"]
[BlackTeam "University of Chicago"]

1. d4 Nf6 2. c4 e6 3. Nc3 Bb4 4. Nf3 b6 5. e3 Bb7 6. Bd3 O-O 7. Bd2 d5 8. cxd5 exd5 9. Rc1 a6 10. O-O Bd6 11. Ne5 c5 12. f4 Nc6 13. Na4 c4 14. Bb1 b5 15. Nc3 Ne7 16. Be1 Ne4 17. Qf3 f6 18. Ng4 Qd7 19. f5 Ng5 20. Qe2 Rae8 21. h4 Ne4 22. Qf3 b4 23. Nxe4 dxe4 24. Bxe4 Bxe4 25. Qxe4 h5 26. Ne5 fxe5 27. dxe5 Bb8 28. Bxb4 Rxf5 29. Qxc4+ Kh7 30. e6 Qd5 31. Rxf5 Qxf5 32. Rf1 Qe5 33. Bxe7 Qxe3+ 34. Kh1 Rxe7 35. Qc2+ g6 0-1

[Event "Ivy League Challenge"]
[Site "Toronto CAN"]
[Date "2023.03.26"]
[Round "5"]
[White "Jaferian, Koosha"]
[Black "Zhang, Yuanchen"]
[Result "1/2-1/2"]
[WhiteElo "2242"]
[BlackElo "2304"]
[PlyCount "33"]
[GameId "2160767907254185"]
[EventDate "2023.03.24"]
[EventRounds "5"]
[EventCountry "CAN"]
[SourceTitle "10 Days #718"]
[Source "ChessMix"]
[SourceDate "2023.04.01"]
[SourceVersion "1"]
[SourceVersionDate "2023.04.01"]
[SourceQuality "1"]
[WhiteTeam "University of Toronto - B"]
[BlackTeam "University of Waterloo"]

1. e4 e5 2. Nf3 Nc6 3. d4 exd4 4. Nxd4 Nf6 5. Nc3 Bb4 6. Nxc6 bxc6 7. Bd3 d5 8. exd5 cxd5 9. O-O O-O 10. h3 c6 11. Qf3 Bd6 12. Bf4 Be6 13. Rad1 Rb8 14. b3 Bxf4 15. Qxf4 Qa5 16. Qd2 Qc7 17. Ne2 1/2-1/2

[Event "CAN-ch Univeristies"]
[Site "Ottawa CAN"]
[Date "2023.01.28"]
[Round "1"]
[White "Zhang, Yuanchen"]
[Black "Demchenko, Svitlana"]
[Result "0-1"]
[WhiteElo "2425"]
[BlackElo "2280"]
[PlyCount "104"]
[GameId "2160767907251338"]
[EventDate "2023.01.27"]
[EventType "swiss"]
[EventRounds "5"]
[EventCountry "CAN"]

1. d4 d5 2. c4 e6 3. Nc3 h6 4. Nf3 Nf6 5. Bf4 Bd6 6. Bxd6 Qxd6 7. e3 a6 8. c5 Qe7 9. Ne5 Nfd7 10. f4 O-O 11. Bd3 Nxe5 12. fxe5 f6 13. exf6 Qxf6 14. Kd2 Qg5 15. Qe2 e5 16. h4 Qg3 17. Raf1 Rxf1 18. Rxf1 Be6 19. Qf2 Qxf2+ 20. Rxf2 Nc6 21. Ne2 Bg4 22. Bg6 Bxe2 23. Bf7+ Kh8 24. Rxe2 Rd8 25. h5 b6 26. cxb6 cxb6 27. Bg6 Kg8 28. Rf2 exd4 29. exd4 Nxd4 30. Rf7 Nc6 31. Rb7 Na5 32. Rc7 Nc4+ 33. Kc3 Kf8 34. Rf7+ Kg8 35. Rb7 b5 36. Kd4 Nxb2 37. Ra7 Kf8 38. Rxa6 Nc4 39. Re6 Na3 40. g3 Nc4 41. g4 Nd2 42. Rb6 Nf3+ 43. Ke3 Ne5 44. Kd4 Nf3+ 45. Ke3 Ne5 46. Kd4 Nf3+ 47. Kc5 d4 48. Rxb5 d3 49. Rb3 Ne5 50. Bxd3 Nxd3+ 51. Kc6 Ne5+ 52. Kc7 Rd7+ 0-1

[Event "CAN-ch Univeristies"]
[Site "Ottawa CAN"]
[Date "2023.01.28"]
[Round "2"]
[White "Hua, Eugene"]
[Black "Zhang, Yuanchen"]
[Result "1/2-1/2"]
[WhiteElo "2349"]
[BlackElo "2425"]
[PlyCount "139"]
[GameId "2160767907251340"]
[EventDate "2023.01.27"]
[EventType "swiss"]
[EventRounds "5"]
[EventCountry "CAN"]

1. d4 Nf6 2. c4 e6 3. Nf3 d5 4. g3 Bb4+ 5. Bd2 a5 6. Bg2 O-O 7. O-O dxc4 8. e3 Ra7 9. a4 b6 10. Ne5 Ba6 11. Nc3 Nfd7 12. Nf3 c5 13. Nb5 Bxb5 14. axb5 Rc7 15. Rc1 Bxd2 16. Qxd2 cxd4 17. Qxd4 Rc5 18. Rxc4 Rxb5 19. Qc3 Rc5 20. Rxc5 Nxc5 21. b4 axb4 22. Qxb4 Qd6 23. Qb1 Rd8 24. Ng5 g6 25. Qb2 h6 26. Nf3 Nbd7 27. Qb4 Nf6 28. Nd4 Nce4 29. Qb2 Rc8 30. Ra1 e5 31. Nf3 Nc3 32. h3 b5 33. Kh2 Nfe4 34. Ra7 Qc5 35. Rd7 Re8 36. Qb3 Re7 37. Rxe7 Qxe7 38. Nh4 Qe6 39. Qb4 Qc4 40. Qe7 Qc5 41. Qe8+ Kg7 42. Nf3 Nxf2 43. Nxe5 Qc7 44. Nc6 Ne2 45. Qe5+ Qxe5 46. Nxe5 Nc3 47. Nc6 Nfd1 48. e4 Nf2 49. e5 Kf8 50. g4 Ke8 51. Kg3 Nd3 52. Bf1 Nc5 53. Nb4 Kd7 54. Kf4 Ke6 55. h4 Nd7 56. Nc6 Nd5+ 57. Ke4 Nc5+ 58. Kd4 Nb3+ 59. Kd3 g5 60. hxg5 hxg5 61. Nd4+ Nxd4 62. Kxd4 Nc7 63. Bd3 f6 64. Bf5+ Ke7 65. exf6+ Kxf6 66. Kc5 Ke5 67. Bd7 Kf4 68. Kd6 Na6 69. Bxb5 Kxg4 70. Bxa6 1/2-1/2

[Event "CAN-ch Univeristies"]
[Site "Ottawa CAN"]
[Date "2023.01.28"]
[Round "3"]
[White "Zhang, Yuanchen"]
[Black "Li, Yi Lin"]
[Result "1-0"]
[WhiteElo "2425"]
[BlackElo "2116"]
[PlyCount "65"]
[GameId "2160767907251355"]
[EventDate "2023.01.27"]
[EventType "swiss"]
[EventRounds "5"]
[EventCountry "CAN"]

1. d4 d5 2. c4 e6 3. Nc3 Nf6 4. cxd5 exd5 5. Bg5 Nbd7 6. e3 Bb4 7. Bd3 c5 8. Nge2 O-O 9. O-O c4 10. Bc2 Qa5 11. a3 Bxc3 12. Nxc3 Re8 13. Qd2 Qb6 14. f3 h6 15. Bh4 a6 16. Kh1 Qc6 17. e4 Ra7 18. Rae1 dxe4 19. fxe4 b5 20. Qf2 Qe6 21. e5 Ng4 22. Qg1 h5 23. h3 Nh6 24. d5 Qb6 25. Bf2 Qc7 26. Bxa7 Nxe5 27. Bd4 f6 28. Bxe5 Rxe5 29. Rxe5 fxe5 30. Qf2 Qe7 31. Bg6 h4 32. Ne4 Qd8 33. Ng5 1-0

[Event "CAN-ch Univeristies"]
[Site "Ottawa CAN"]
[Date "2023.01.29"]
[Round "5"]
[White "Zhang, Yuanchen"]
[Black "Nunez-Painchaud, Raphael"]
[Result "1/2-1/2"]
[WhiteElo "2425"]
[BlackElo "2237"]
[PlyCount "55"]
[GameId "2160767907251371"]
[EventDate "2023.01.27"]
[EventType "swiss"]
[EventRounds "5"]
[EventCountry "CAN"]

1. d4 Nf6 2. c4 e6 3. Nc3 Bb4 4. e3 O-O 5. Bd2 Re8 6. Nf3 Nc6 7. Qc2 e5 8. dxe5 Nxe5 9. Nxe5 Rxe5 10. a3 Bf8 11. Bd3 c6 12. Ne2 Re8 13. Bc3 h6 14. Nf4 d5 15. O-O-O Be6 16. Rhg1 Qe7 17. Nxe6 Qxe6 18. Bf5 Qe7 19. g4 Ne4 20. Bxe4 dxe4 21. Rd4 Rad8 22. Rgd1 Rxd4 23. Rxd4 Qe6 24. Qe2 Qe7 25. Qc2 c5 26. Rd5 Qh4 27. Rd4 Qe7 28. Rd1 1/2-1/2

[Event "CAN-ch"]
[Site "Kingston CAN"]
[Date "2022.04.16"]
[Round "6"]
[White "Zhang, Yuanchen"]
[Black "Panjwani, Raja"]
[Result "1/2-1/2"]
[WhiteElo "2330"]
[BlackElo "2448"]
[PlyCount "117"]
[GameId "2160767907512071"]
[EventDate "2022.04.13"]
[EventType "swiss"]
[EventRounds "9"]
[EventCountry "CAN"]
[SourceTitle "CBM 207 Extra"]
[Source "ChessBase"]
[SourceDate "2022.05.31"]
[SourceVersion "1"]
[SourceVersionDate "2022.05.31"]
[SourceQuality "1"]

1. d4 Nf6 2. c4 g6 3. Nc3 Bg7 4. e4 d6 5. f3 O-O 6. Be3 c5 7. Nge2 Nc6 8. d5 Ne5 9. Ng3 h5 10. Be2 h4 11. Nf1 e6 12. Bg5 Qb6 13. Qc2 exd5 14. cxd5 h3 15. gxh3 Bxh3 16. Nd2 c4 17. O-O-O Nh7 18. Bf4 Rfc8 19. Bxe5 Bxe5 20. Nxc4 Bf4+ 21. Kb1 Qd8 22. Qb3 b5 23. Qxb5 Rab8 24. Qa6 Rc5 25. Ka1 Qc7 26. Na4 Rcb5 27. Qc6 Qe7 28. e5 Rb4 29. e6 fxe6 30. a3 Rb3 31. dxe6 Bxe6 32. Qe4 Qf6 33. Rd4 Be5 34. Nxe5 dxe5 35. Rd6 Ng5 36. Rxe6 Nxe6 37. Bc4 Kg7 38. Bxb3 Rxb3 39. Nc3 Ng5 40. Qd5 Rb6 41. Re1 Nf7 42. Re2 Rd6 43. Qb7 Rd3 44. Rf2 Qg5 45. Qxa7 Qg1+ 46. Ka2 Rxf3 47. Ne4 Rf4 48. Qc5 Qg4 49. Rxf4 Qxf4 50. Qc2 Ng5 51. Nxg5 Qxg5 52. a4 Qf4 53. a5 e4 54. Qc3+ Kh7 55. Qh3+ Kg7 56. Qd7+ Kh6 57. a6 e3 58. a7 Qc4+ 59. b3 1/2-1/2

[Event "CAN-ch"]
[Site "Kingston CAN"]
[Date "2022.04.17"]
[Round "7"]
[White "Zhang, Yuanchen"]
[Black "Sambuev, Bator"]
[Result "1-0"]
[WhiteElo "2330"]
[BlackElo "2502"]
[PlyCount "82"]
[GameId "2160767907512086"]
[EventDate "2022.04.13"]
[EventType "swiss"]
[EventRounds "9"]
[EventCountry "CAN"]
[SourceTitle "CBM 207 Extra"]
[Source "ChessBase"]
[SourceDate "2022.05.31"]
[SourceVersion "1"]
[SourceVersionDate "2022.05.31"]
[SourceQuality "1"]

1. d4 e6 2. c4 Bb4+ 3. Bd2 Qe7 4. Nc3 f5 5. e3 b6 6. Nge2 Nf6 7. Qc2 O-O 8. a3 Bxc3 9. Nxc3 Bb7 10. O-O-O d5 11. f3 c5 12. cxd5 Nxd5 13. dxc5 Nd7 14. Nxd5 Bxd5 15. c6 Nc5 16. Bb4 Bxc6 17. Bxc5 bxc5 18. Bc4 Rab8 19. Rd2 Bd5 20. Rhd1 Rb6 21. Bxd5 exd5 22. Rxd5 Qxe3+ 23. Qd2 Qe7 24. Re1 Qf6 25. Rxc5 h6 26. Kb1 Rfb8 27. Rc2 Kh7 28. Re3 Rd8 29. Rd3 Rdb8 30. Qc3 Qg6 31. Qd4 R8b7 32. Qd5 Re7 33. Ka2 Rbe6 34. Rc8 Qf6 35. Rd2 Qg5 36. Rd8 Qf4 37. g3 Qg5 38. Rf8 Kg6 39. h4 Kh7 40. Rd8 Qf6 41. h5 Qg5 1-0

[Event "CAN-ch"]
[Site "Montreal CAN"]
[Date "2017.06.27"]
[Round "1.9"]
[White "Durette, Francis"]
[Black "Zhang, Yuanchen"]
[Result "0-1"]
[WhiteElo "2028"]
[BlackElo "2268"]
[PlyCount "88"]
[GameId "2160767908410829"]
[EventDate "2017.06.27"]
[EventType "swiss"]
[EventRounds "9"]
[EventCountry "CAN"]
[WhiteTeam "Kanada"]
[BlackTeam "Kanada"]
[WhiteTeamCountry "CAN"]
[BlackTeamCountry "CAN"]

1. e4 e5 2. Nf3 Nc6 3. d4 exd4 4. Nxd4 Bb4+ 5. c3 Bc5 6. Be3 Bb6 7. Bc4 Nf6 8. Nd2 d5 9. exd5 Nxd4 10. Bxd4 Bxd4 11. cxd4 O-O 12. O-O Nxd5 13. Ne4 Nf6 14. f3 Bf5 15. Ng3 Bd7 16. Bd3 Nd5 17. Re1 Qf6 18. Re5 Nb4 19. Ne4 Qf4 20. Kh1 Ba4 21. b3 Nxd3 22. Qxd3 Bc6 23. Ng5 g6 24. Rae1 Rad8 25. d5 Bxd5 26. Rxd5 Qxg5 27. Rxd8 Rxd8 28. Qc3 c6 29. a3 h5 30. g3 Kh7 31. Re2 Qd5 32. Kg2 Rd6 33. h4 Qd3 34. Qb2 Rf6 35. Rf2 Rf5 36. Qa2 a5 37. a4 Qc3 38. f4 Rd5 39. Rc2 Qd3 40. Re2 Qc3 41. Rc2 Qb4 42. Rb2 Rd3 43. Kf2 Qd4+ 44. Kg2 Qe3 0-1

[Event "CAN-ch"]
[Site "Montreal CAN"]
[Date "2017.06.27"]
[Round "2.4"]
[White "Zhang, Yuanchen"]
[Black "Hambleton, Aman"]
[Result "1/2-1/2"]
[WhiteElo "2268"]
[BlackElo "2471"]
[PlyCount "117"]
[GameId "2160767908410839"]
[EventDate "2017.06.27"]
[EventType "swiss"]
[EventRounds "9"]
[EventCountry "CAN"]

1. d4 Nf6 2. c4 e6 3. Nc3 Bb4 4. e3 O-O 5. Bd3 d5 6. Nf3 c5 7. O-O dxc4 8. Bxc4 Nbd7 9. a3 Ba5 10. Qe2 a6 11. Bd3 b5 12. Ne4 c4 13. Bc2 Bb7 14. Ng3 Bxf3 15. Qxf3 e5 16. Rd1 Bb6 17. dxe5 Nxe5 18. Qf5 Qe7 19. Nh5 Neg4 20. Qg5 g6 21. Nxf6+ Nxf6 22. Bd2 Rfe8 23. Bc3 Ne4 24. Qxe7 Rxe7 25. Bxe4 Rxe4 26. a4 Rb8 27. Rd5 b4 28. Bxb4 Bd4 29. Bc3 Bxc3 30. bxc3 Rb2 31. Rc1 Re6 32. Rc5 Rd6 33. Rxc4 Rc2 34. Rf1 Kg7 35. g3 h5 36. Rb1 g5 37. Rc5 Kg6 38. a5 Rdd2 39. Rf1 f6 40. Rc6 Rd5 41. Rxa6 Rxc3 42. Rb1 Rc2 43. e4 Rdd2 44. e5 Rxf2 45. Rxf6+ Rxf6 46. exf6 Ra2 47. Rf1 Kf7 48. Rf5 g4 49. Rxh5 Kxf6 50. Rb5 Kg6 51. Rb6+ Kf5 52. Ra6 Ke4 53. Rf6 Ke3 54. Rf4 Ra1+ 55. Rf1 Rxa5 56. h3 gxh3 57. Kh2 Rh5 58. g4 Rh8 59. g5 1/2-1/2

[Event "CAN-ch"]
[Site "Montreal CAN"]
[Date "2017.06.28"]
[Round "3"]
[White "Song, Ziyuan"]
[Black "Zhang, Yuanchen"]
[Result "1/2-1/2"]
[WhiteElo "2182"]
[BlackElo "2248"]
[PlyCount "116"]
[GameId "2160767908410848"]
[EventDate "2017.06.27"]
[EventType "swiss"]
[EventRounds "9"]
[EventCountry "CAN"]
[SourceTitle "CBM 179 Extra"]
[Source "ChessBase"]
[SourceDate "2017.08.23"]
[SourceVersion "1"]
[SourceVersionDate "2017.08.23"]
[SourceQuality "1"]

1. e4 d6 2. d4 Nf6 3. Nc3 e5 4. Nf3 Nbd7 5. Bc4 Be7 6. O-O O-O 7. Re1 c6 8. a4 a5 9. b3 Re8 10. Ng5 Rf8 11. f4 exd4 12. e5 dxe5 13. fxe5 dxc3 14. exf6 Bxf6 15. Nxf7 Rxf7 16. Qh5 g6 17. Bxf7+ Kxf7 18. Qxh7+ Bg7 19. Bh6 Qh8 20. Qxg7+ Qxg7 21. Bxg7 Kxg7 22. Re8 Nb6 23. Rae1 Ra7 24. R1e7+ Kf6 25. Re3 Kf7 26. R3e7+ Kf6 27. Re3 Bf5 28. Rxc3 Nd5 29. Rf3 Kf7 30. Rb8 Ke6 31. c4 Nb4 32. Kf2 Na6 33. Rd8 Nc5 34. Re3+ Kf6 35. h4 Ra6 36. Kf3 Rb6 37. g4 Be6 38. g5+ Kf7 39. Kf4 Rxb3 40. Rxb3 Nxb3 41. Ke5 Nc5 42. Rh8 Ke7 43. Rh7+ Bf7 44. h5 Nd7+ 45. Kd4 c5+ 46. Ke4 Nf8 47. hxg6 Nxg6 48. Rxf7+ Kxf7 49. Kd5 Nf8 50. Kxc5 Nd7+ 51. Kb5 b6 52. Kc6 Ke6 53. g6 Ne5+ 54. Kxb6 Nxc4+ 55. Kb5 Nb2 56. Kxa5 Kf6 57. Kb5 Nxa4 58. Kxa4 Kxg6 1/2-1/2

[Event "CAN-ch"]
[Site "Montreal CAN"]
[Date "2017.06.28"]
[Round "4.5"]
[White "Zhang, Yuanchen"]
[Black "Tomb, Maroun"]
[Result "1/2-1/2"]
[WhiteElo "2268"]
[BlackElo "2157"]
[PlyCount "88"]
[GameId "2160767908410866"]
[EventDate "2017.06.27"]
[EventType "swiss"]
[EventRounds "9"]
[EventCountry "CAN"]

1. d4 d6 2. e4 Nf6 3. Nc3 e5 4. Nf3 Nbd7 5. Bc4 Be7 6. O-O O-O 7. Re1 c6 8. a4 h6 9. h3 Re8 10. a5 Qc7 11. Be3 Nf8 12. Bb3 Be6 13. d5 Bd7 14. a6 c5 15. axb7 Qxb7 16. Nd2 Ng6 17. Nc4 Rf8 18. Ba4 Nh7 19. Bxd7 Qxd7 20. Qg4 Qb7 21. Reb1 Nf6 22. Qe2 Nf4 23. Bxf4 exf4 24. Na5 Qd7 25. Nc6 Bd8 26. Qf3 g5 27. b4 cxb4 28. Rxb4 Re8 29. Rab1 Rc8 30. Rb7 Rc7 31. Rxc7 Qxc7 32. Ra1 Qb7 33. Rxa7 Qb2 34. Ra8 Bb6 35. Rxe8+ Nxe8 36. Qd3 Nf6 37. Ne7+ Kf8 38. Nf5 Bxf2+ 39. Kxf2 Qxc3 40. Qxc3 Nxe4+ 41. Kf3 Nxc3 42. Nxd6 Nxd5 43. Nf5 Ne7 44. Nxh6 Kg7 1/2-1/2

[Event "CAN-ch"]
[Site "Montreal CAN"]
[Date "2017.06.29"]
[Round "6.3"]
[White "Zhang, Yuanchen"]
[Black "Sohal, Tanraj"]
[Result "1/2-1/2"]
[WhiteElo "2268"]
[BlackElo "2319"]
[PlyCount "72"]
[GameId "2160767908410894"]
[EventDate "2017.06.27"]
[EventType "swiss"]
[EventRounds "9"]
[EventCountry "CAN"]

1. d4 Nf6 2. c4 e6 3. Nc3 Bb4 4. e3 O-O 5. Bd3 d5 6. a3 dxc4 7. Bxc4 Bd6 8. Nf3 Nc6 9. O-O a6 10. e4 e5 11. dxe5 Nxe5 12. Be2 h6 13. h3 Qe7 14. Nxe5 Bxe5 15. Bd3 b5 16. Qe2 Bb7 17. Re1 Rad8 18. Bc2 Rfe8 19. Bd2 Bd4 20. Rad1 c5 21. Qf3 Be5 22. Bf4 Bd4 23. Bd2 Qe6 24. Qf5 Qxf5 25. exf5 Rxe1+ 26. Bxe1 Re8 27. Bd3 Nh5 28. Bd2 Kf8 29. Kf1 Rd8 30. Be2 Nf6 31. Be3 Ke7 32. Bxd4 Rxd4 33. Rxd4 cxd4 34. Na2 Be4 35. Nb4 a5 36. f3 axb4 1/2-1/2

[Event "CAN-ch"]
[Site "Montreal CAN"]
[Date "2017.06.30"]
[Round "8.2"]
[White "Sambuev, Bator"]
[Black "Zhang, Yuanchen"]
[Result "1-0"]
[WhiteElo "2539"]
[BlackElo "2268"]
[PlyCount "121"]
[GameId "2160767908410917"]
[EventDate "2017.06.27"]
[EventType "swiss"]
[EventRounds "9"]
[EventCountry "CAN"]

1. d4 Nf6 2. Nf3 e6 3. e3 c5 4. Bd3 d5 5. b3 Nc6 6. O-O Bd6 7. Bb2 O-O 8. a3 b6 9. Nbd2 Bb7 10. Qe2 Rc8 11. Ne5 Ne7 12. dxc5 Bxc5 13. b4 Bd6 14. f4 Ne4 15. Ndf3 f6 16. Nd4 fxe5 17. Nxe6 Qd7 18. Nxf8 Rxf8 19. fxe5 Rxf1+ 20. Rxf1 Bc7 21. c4 Ng6 22. cxd5 Bxd5 23. Bxe4 Bxe4 24. Qc4+ Bd5 25. Rd1 Bxc4 26. Rxd7 Bxe5 27. Bxe5 Nxe5 28. Rxa7 b5 29. Re7 Nd3 30. Rc7 Nb2 31. Rb7 Nd3 32. e4 h5 33. Rc7 Bf7 34. Kf1 Kf8 35. Ke2 Nb2 36. Ra7 Nc4 37. Kd3 Ne5+ 38. Kc3 Be8 39. Ra8 Ke7 40. Kd4 Ng6 41. g3 Nf8 42. Ra7+ Kd6 43. e5+ Kc6 44. Ra6+ Kb7 45. Rd6 Kc7 46. Kd5 Bf7+ 47. Kc5 Nd7+ 48. Kxb5 Nxe5 49. Rd2 Be8+ 50. Kc5 Nd7+ 51. Kd4 Nb6 52. Re2 Kd7 53. Re5 g6 54. b5 Kd8 55. Kc3 Nd7 56. Re1 Nb6 57. Kb4 Nd5+ 58. Kc4 Nb6+ 59. Kc5 Na4+ 60. Kb4 Nb6 61. a4 1-0

[Event "Hart House Reading Week op"]
[Site "Toronto CAN"]
[Date "2017.02.19"]
[Round "3"]
[White "Noritsyn, Sergey"]
[Black "Zhang, Yuanchen"]
[Result "0-1"]
[WhiteElo "2248"]
[BlackElo "2320"]
[PlyCount "82"]
[GameId "2160767908478452"]
[EventDate "2017.02.18"]
[EventType "swiss"]
[EventRounds "6"]
[EventCountry "CAN"]
[SourceTitle "EXT 2022"]
[Source "ChessBase"]
[SourceDate "2021.10.06"]
[SourceVersion "1"]
[SourceVersionDate "2021.10.06"]
[SourceQuality "1"]

1. e4 e5 2. Nf3 Nc6 3. d4 exd4 4. Nxd4 Bb4+ 5. c3 Bc5 6. Be3 Bb6 7. Nd2 Nf6 8. Be2 O-O 9. O-O Re8 10. Qc2 d5 11. Nxc6 bxc6 12. Bxb6 axb6 13. Bf3 Bg4 14. exd5 cxd5 15. h3 Bxf3 16. Nxf3 Qd6 17. Rfd1 c5 18. a4 Re4 19. b3 Qf4 20. Qd2 Qxd2 21. Nxd2 Re7 22. Ra3 Rea7 23. Rda1 Nd7 24. Kf1 Ne5 25. f4 Nd3 26. g3 Re7 27. Kg1 Re2 28. Nf1 Rae8 29. R3a2 Rxa2 30. Rxa2 Nc1 31. Rc2 Nxb3 32. Kf2 h5 33. Ne3 d4 34. cxd4 Nxd4 35. Rb2 Ra8 36. Rxb6 Rxa4 37. Rb8+ Kh7 38. Rc8 Ra2+ 39. Kf1 Ne2 40. g4 Nxf4 41. Rxc5 Ra1+ 0-1

[Event "Hart House Holidays op"]
[Site "Toronto CAN"]
[Date "2016.12.16"]
[Round "1"]
[White "Agbabishvili, Lali"]
[Black "Zhang, Yuanchen"]
[Result "0-1"]
[WhiteElo "2241"]
[BlackElo "2327"]
[PlyCount "108"]
[GameId "2160767908475472"]
[EventDate "2016.12.16"]
[EventType "swiss"]
[EventRounds "5"]
[EventCountry "CAN"]
[SourceTitle "EXT 2022"]
[Source "ChessBase"]
[SourceDate "2021.10.06"]
[SourceVersion "1"]
[SourceVersionDate "2021.10.06"]
[SourceQuality "1"]

1. d4 Nf6 2. c4 e6 3. Nf3 Bb4+ 4. Nbd2 b6 5. g3 Bb7 6. Bg2 O-O 7. O-O d5 8. Ne5 Nbd7 9. Nxd7 Qxd7 10. cxd5 exd5 11. Nf3 Rfe8 12. Bd2 Bd6 13. Re1 Ne4 14. Ng5 Nxd2 15. Qxd2 h6 16. Nf3 a5 17. a3 a4 18. Rac1 Rad8 19. Qc2 c5 20. e3 Rc8 21. Qd3 c4 22. Qc3 b5 23. Ne5 Qe7 24. Qa5 f6 25. Ng6 Qf7 26. Qb6 Re6 27. Qxb5 Bc6 28. Qa6 Qc7 29. Rxc4 dxc4 30. Qxc6 Qxc6 31. Bxc6 Rxc6 32. d5 Kf7 33. Nf4 Bxf4 34. gxf4 Rb6 35. dxe6+ Kxe6 36. Rc1 Kd5 37. Rc2 Rb3 38. Kf1 c3 39. Rxc3 Rxb2 40. Rc7 Ra2 41. Rxg7 Rxa3 42. Rh7 Rb3 43. Rxh6 a3 44. Rh5+ Kc4 45. Ra5 Kc3 46. h4 Kb2 47. Kg2 a2 48. Rxa2+ Kxa2 49. e4 Rb7 50. Kh3 Rg7 51. f5 Kb3 52. f4 Kc4 53. e5 fxe5 54. fxe5 Kd5 0-1

[Event "Hart House Holidays op"]
[Site "Toronto CAN"]
[Date "2016.12.17"]
[Round "2"]
[White "Zhang, Yuanchen"]
[Black "Song, Michael"]
[Result "0-1"]
[WhiteElo "2327"]
[BlackElo "2492"]
[PlyCount "132"]
[GameId "2160767908475485"]
[EventDate "2016.12.16"]
[EventType "swiss"]
[EventRounds "5"]
[EventCountry "CAN"]
[SourceTitle "EXT 2022"]
[Source "ChessBase"]
[SourceDate "2021.10.06"]
[SourceVersion "1"]
[SourceVersionDate "2021.10.06"]
[SourceQuality "1"]

1. d4 d6 2. e4 Nf6 3. Nc3 c6 4. Be3 Nbd7 5. f3 e5 6. Nge2 Nb6 7. dxe5 dxe5 8. Qxd8+ Kxd8 9. a4 Kc7 10. b3 Nbd7 11. Nc1 Bb4 12. Bd2 Be7 13. Nd3 Ne8 14. Be2 f6 15. Be3 Nd6 16. a5 f5 17. Bf2 g6 18. h4 Bf6 19. h5 g5 20. O-O-O f4 21. Rd2 Ne8 22. Rhd1 Be7 23. Na4 Nef6 24. Nac5 Nxc5 25. Bxc5 Re8 26. h6 b6 27. Bxe7 Rxe7 28. Nb2 Be6 29. Bc4 Bd7 30. b4 g4 31. Bb3 g3 32. Nc4 Be6 33. Nd6 Bxb3 34. cxb3 Rd7 35. Nf5 Rad8 36. Rxd7+ Rxd7 37. Rxd7+ Kxd7 38. axb6 axb6 39. b5 cxb5 40. b4 Ne8 41. Kd2 Nc7 42. Kd3 Ne6 43. Kc3 Ng5 44. Nh4 Ke6 45. Kd3 Kf6 46. Kd2 Ne6 47. Nf5 Kg5 48. Kc3 Kg6 49. Kd3 Ng5 50. Kd2 Kh5 51. Ke2 Nf7 52. Kd3 Nd8 53. Kd2 Nc6 54. Kc3 Kg5 55. Kb3 Nd4+ 56. Nxd4 exd4 57. Kc2 Kxh6 58. Kd3 Kg5 59. Kxd4 h5 60. e5 h4 61. Kd5 h3 62. e6 Kf6 63. Kd6 hxg2 64. e7 g1=Q 65. e8=Q Qd4+ 66. Kc6 Qc4+ 0-1

[Event "Hart House Holidays op"]
[Site "Toronto CAN"]
[Date "2016.12.17"]
[Round "3"]
[White "Zhang, Yuanchen"]
[Black "Bellissimo, Joseph"]
[Result "1/2-1/2"]
[WhiteElo "2327"]
[BlackElo "2252"]
[PlyCount "113"]
[GameId "2160767908475492"]
[EventDate "2016.12.16"]
[EventType "swiss"]
[EventRounds "5"]
[EventCountry "CAN"]
[SourceTitle "EXT 2022"]
[Source "ChessBase"]
[SourceDate "2021.10.06"]
[SourceVersion "1"]
[SourceVersionDate "2021.10.06"]
[SourceQuality "1"]

1. d4 Nf6 2. c4 e6 3. Nc3 Bb4 4. e3 O-O 5. Nge2 d5 6. a3 Be7 7. cxd5 exd5 8. Nf4 c6 9. Bd3 Re8 10. O-O Nbd7 11. f3 Nf8 12. Bc2 Ne6 13. e4 c5 14. e5 Nd7 15. Nxe6 fxe6 16. Be3 cxd4 17. Bxd4 Bc5 18. Bxc5 Nxc5 19. b4 Qc7 20. Qd4 Nd7 21. f4 Qb6 22. Qxb6 Nxb6 23. Nb5 Re7 24. Bd3 Bd7 25. Nd6 Ba4 26. Rac1 g6 27. h4 Rd8 28. Kf2 Rdd7 29. Ke3 Rc7 30. Kd4 Bb3 31. Nb5 Rxc1 32. Rxc1 a6 33. Nd6 Rd7 34. Ne8 Re7 35. Nf6+ Kf8 36. h5 Bc4 37. Bb1 gxh5 38. Nxh7+ Ke8 39. Nf6+ Kd8 40. Nxh5 Be2 41. Nf6 Rg7 42. g4 Nc4 43. Bh7 Nxa3 44. Bg8 Bxg4 45. Rg1 Nc2+ 46. Kc3 Rc7+ 47. Kb2 Bf5 48. Bh7 Bxh7 49. Nxh7 Rxh7 50. Kxc2 Rf7 51. Rg4 Kd7 52. Kd3 Kc6 53. Rg6 Rxf4 54. Rxe6+ Kc7 55. b5 axb5 56. Rd6 b4 57. Rxd5 1/2-1/2

[Event "NAYCC U18"]
[Site "Windsor CAN"]
[Date "2016.08.07"]
[Round "1.8"]
[White "Proleiko, Julian"]
[Black "Zhang, Yuanchen"]
[Result "1-0"]
[WhiteElo "2114"]
[BlackElo "2307"]
[PlyCount "109"]
[GameId "2160767908630030"]
[EventDate "2016.08.07"]
[EventType "swiss"]
[EventRounds "9"]
[EventCountry "CAN"]
[SourceTitle "EXT 2022"]
[Source "ChessBase"]
[SourceDate "2021.10.06"]
[SourceVersion "1"]
[SourceVersionDate "2021.10.06"]
[SourceQuality "1"]

1. e4 e5 2. Nf3 Nc6 3. Bb5 a6 4. Ba4 Nf6 5. O-O Be7 6. Re1 b5 7. Bb3 d6 8. c3 O-O 9. h3 Nb8 10. d4 Nbd7 11. Nbd2 Bb7 12. Bc2 Re8 13. Nf1 Bf8 14. Ng3 g6 15. a4 c5 16. d5 c4 17. Nh2 Nc5 18. axb5 axb5 19. Rxa8 Qxa8 20. Ng4 Nxg4 21. hxg4 h6 22. Nf1 Qa2 23. g3 Ra8 24. Ne3 Bc8 25. Kg2 Bd7 26. Rh1 Rb8 27. Nf5 gxf5 28. gxf5 f6 29. Bxh6 Kf7 30. Bc1 Ke7 31. Rh8 Re8 32. Be3 Kd8 33. Rh7 Na4 34. Bxa4 Qxa4 35. Qe2 Qa2 36. g4 Qb1 37. f3 Be7 38. Bf2 Qd3 39. Qe1 Qc2 40. Qe3 Rg8 41. Qb6+ Ke8 42. Qb8+ Bd8 43. Qxd6 Rxg4+ 44. Kh3 Bxf5 45. exf5 Qxf5 46. Qe6+ Qxe6 47. dxe6 Rg8 48. Bc5 f5 49. Ra7 Rh8+ 50. Kg2 Rg8+ 51. Kf1 Bb6 52. Re7+ Kd8 53. Rd7+ Ke8 54. Bxb6 Rg6 55. Rd5 1-0